000 00664nam a2200217 a 4500
001 21491
003 CO-ViMGA
008 141112s2004 ck r 000 u spa d
020 _a9507312471
040 _aCO-ViMGA
_bspa
_cCO-ViMGA
082 0 4 _aA863 S137e
100 1 _aSaer, Juan Jose
_930687
245 1 0 _aEl entenado
250 _a4
260 _aBuenos Aires :
_bSeix Barral,
_c2004
300 _a192
590 _aForma de adquisición : Compra - - Precio : 21000 - - Proveedor : PanAméricana - - Fecha de adquisición : Junio 2007
650 1 4 _aINDIGENAS DE ARGENTINA - SIGLO XVI - NOVELA
_930688
650 1 4 _aNOVELA ARGENTINA
_92131
942 _2ddc
_cBK
999 _c30088
_d30088